Astronomical measuring Machines (Record no. 8263)

MARC details
000 -LEADER
fixed length control field 00887nam a2200229Ia 4500
003 - CONTROL NUMBER IDENTIFIER
control field IN-BaIIA
008 - FIXED-LENGTH DATA ELEMENTS--GENERAL INFORMATION
fixed length control field 211028s9999 xx 000 0 eng d
020 ## - INTERNATIONAL STANDARD BOOK NUMBER
International Standard Book Number 0-902553-26-7
040 ## - CATALOGING SOURCE
Transcribing agency IIA Library
080 ## - UNIVERSAL DECIMAL CLASSIFICATION NUMBER
Universal Decimal Classification number 520.4(063)
Item number AST
111 ## - MAIN ENTRY--MEETING NAME
Meeting name or jurisdiction name as entry element Workshop on Astronomical Measuring Machines
Location of meeting Edinburgh
Date of meeting or treaty signing 1982 Sep. 28-30
9 (RLIN) 13861
245 #0 - TITLE STATEMENT
Title Astronomical measuring Machines
Remainder of title proceedings of the Workshop on Astronomical measuring machines, held in Edinburgh, Scotland, 28-30 Sept.ember 1982
Statement of responsibility, etc. edited by B. McInnes and R. S. Stobie
260 ## - PUBLICATION, DISTRIBUTION, ETC.
Place of publication, distribution, etc. Edinburgh
Name of publisher, distributor, etc. Royal Observatory
Date of publication, distribution, etc. 1983
300 ## - PHYSICAL DESCRIPTION
Extent [various pagings.]
650 ## - SUBJECT ADDED ENTRY--TOPICAL TERM
Topical term or geographic name entry element Astronomical instruments
9 (RLIN) 4304
650 ## - SUBJECT ADDED ENTRY--TOPICAL TERM
Topical term or geographic name entry element Astronomical techniques
9 (RLIN) 1786
650 ## - SUBJECT ADDED ENTRY--TOPICAL TERM
Topical term or geographic name entry element Astronomy and Astrophysics thesaurus
650 ## - SUBJECT ADDED ENTRY--TOPICAL TERM
Topical term or geographic name entry element Instrumentation
9 (RLIN) 8032
700 ## - ADDED ENTRY--PERSONAL NAME
Personal name McInnes, B., ed.
9 (RLIN) 13862
700 ## - ADDED ENTRY--PERSONAL NAME
Personal name Stobie, R. S., ed.
9 (RLIN) 13863
942 ## - ADDED ENTRY ELEMENTS (KOHA)
Koha item type Books
Holdings
Withdrawn status Lost status Damaged status Not for loan Home library Current library Shelving location Date acquired Total Checkouts Full call number Barcode Date last seen Price effective from Koha item type
        IIA Library-Bangalore IIA Library-Bangalore General Stacks 06/05/1985   520.4(063)/ AST 9107 05/11/2021 06/05/1985 Books

Powered by Koha